| 000 | 00695nam a2200205Ia 4500 | ||
|---|---|---|---|
| 001 | 8084 | ||
| 003 | GE_BSU | ||
| 008 | 181216s||||||||xx |||||||||||||| ||und|| | ||
| 040 | _cGE_BSU | ||
| 080 | _a72(035) | ||
| 245 | _aКраткий справочник архитектора. | ||
| 245 | _cРед.колл. В.В.Бабунов, П.Н.Блохин, Н.П.Быликин и др. Ред. А.П.Горшков. | ||
| 260 | _aМ. | ||
| 260 | _bИзд-во лит. по строительству и архитектуре. | ||
| 260 | _c1952. | ||
| 300 | _a530стр. 19см. | ||
| 300 | _eтабл. | ||
| 653 | _aКраткий справочник архитектора. | ||
| 942 | _cBK | ||
| 999 |
_c41422 _d41422 |
||